Statistics for Longest Country Names with No Repeated Letters

Click here to take the quiz!

General Stats

  • This quiz has been taken 86 times
    (71 since last reset)
  • The average score is 3 of 8

Answer Stats

# Country % Correct
10Uzbekistan
67%
11Switzerland
52%
8Portugal
38%
8Honduras
33%
8Slovenia
30%
9Singapore
28%
8Suriname
23%
8Maldives
20%

Score Distribution

Percentile by Number Answered

Percent of People with Each Score

Your Score History

You have not taken this quiz since the last reset